000
00325nam a2200133Ia 4500
008
150201s1999 xx 000 0 und d
082
_a
615.1
_b
M99E
100
_a
ELLSWOTH , ALLAN J.
245
_a
MOSBY'S MEDICAL DURG REFERNCE
260
_b
MOSBY
_a
DELHI
_c
1999
300
_a
1048
650
_a
PHARMACOLOGY
942
_2
ddc
_c
BK
999
_c
1849
_d
1849